[Event "Perce Neige"]
[Site "Montreal CAN"]
[Date "2019.03.30"]
[Round "2.3"]
[White "Mercure, Gilbert"]
[Black "Chiku-Ratte, Olivier-Kenta"]
[Result "0-1"]
[WhiteElo "1763"]
[BlackElo "2420"]
[PlyCount "92"]
[EventDate "2019.03.30"]
[EventType "swiss"]
[EventRounds "4"]
[EventCountry "CAN"]

1. e4 c5 2. d4 cxd4 3. c3 Nf6 4. e5 Nd5 5. Bc4 Nb6 6. Bb3 g6 7. Nf3 Bg7 8. h4
d6 9. e6 Bxe6 10. Bxe6 fxe6 11. h5 Kd7 12. cxd4 Nc6 13. Nc3 Bf6 14. Be3 Qg8 15.
a4 Nd5 16. Nxd5 exd5 17. g4 gxh5 18. g5 Bg7 19. Qb3 Rb8 20. Rxh5 Qf7 21. Rh3
Qf5 22. Rg3 Qe4 23. Qb5 Rhf8 24. Nd2 Qh1+ 25. Nf1 a6 26. Qb6 Qe4 27. Nd2 Bxd4
28. Nxe4 Bxb6 29. Bxb6 dxe4 30. Kd2 Ne5 31. Rc1 Rbc8 32. Rgc3 Rc6 33. a5 Nf3+
34. Ke2 Nxg5 35. Be3 Ne6 36. Rh1 Rxc3 37. bxc3 Rf5 38. Bb6 h5 39. Ke3 d5 40. c4
Rf3+ 41. Kd2 d4 42. Rxh5 Rxf2+ 43. Ke1 e3 44. Bxd4 Nf4 45. Rh1 Nd3+ 46. Kd1
Rd2# 0-1

[Event "Perce Neige"]
[Site "Montreal CAN"]
[Date "2019.03.31"]
[Round "3.2"]
[White "Chiku-Ratte, Olivier-Kenta"]
[Black "Landry, Sylvain"]
[Result "1-0"]
[WhiteElo "2420"]
[BlackElo "2078"]
[PlyCount "81"]
[EventDate "2019.03.30"]
[EventType "swiss"]
[EventRounds "4"]
[EventCountry "CAN"]

1. d4 d5 2. c4 c6 3. Nf3 Nf6 4. e3 g6 5. Nc3 Bg7 6. Bd3 O-O 7. O-O dxc4 8. Bxc4
Bg4 9. h3 Bxf3 10. Qxf3 Nbd7 11. Bb3 e5 12. Rd1 Qe7 13. d5 e4 14. d6 exf3 15.
dxe7 Rfe8 16. gxf3 Rxe7 17. e4 Nc5 18. Be3 Nxb3 19. axb3 a6 20. Bc5 Rd7 21. Bb6
Re8 22. Na4 Bf8 23. Kf1 Bb4 24. Nc3 Rxd1+ 25. Rxd1 Re6 26. Rd8+ Re8 27. Rd4 Bf8
28. Na4 Kg7 29. b4 Re5 30. Nc5 a5 31. Bxa5 Bxc5 32. bxc5 Rxc5 33. Bc3 Kh6 34.
Rb4 Ne8 35. Rxb7 Nd6 36. Rd7 Nb5 37. Bf6 Rc1+ 38. Kg2 g5 39. Rxf7 Kg6 40. Rf8
Nc7 41. Be5 1-0

[Event "Perce Neige"]
[Site "Montreal CAN"]
[Date "2019.03.31"]
[Round "4.1"]
[White "Chiku-Ratte, Olivier-Kenta"]
[Black "Gauthier, Luc"]
[Result "1-0"]
[WhiteElo "2420"]
[BlackElo "1698"]
[PlyCount "55"]
[EventDate "2019.03.30"]
[EventType "swiss"]
[EventRounds "4"]
[EventCountry "CAN"]

1. d4 d5 2. c4 Nc6 3. Nf3 Bg4 4. Nc3 e6 5. Qa4 Bxf3 6. gxf3 Bb4 7. e3 Nge7 8.
Rg1 Ng6 9. cxd5 Qxd5 10. Bd2 Bxc3 11. Bxc3 a6 12. f4 O-O-O 13. Bg2 Qb5 14. Qxb5
axb5 15. Rc1 Nce7 16. Ba5 Rd7 17. Rc5 c6 18. Rg5 h6 19. Rc5 Nd5 20. Be4 Nde7
21. Ke2 f5 22. Bc2 Kb8 23. Bb3 Rd6 24. Rcc1 Nxf4+ 25. exf4 Rxd4 26. Bc3 Re4+
27. Kf3 Rd8 28. Be5+ 1-0

[Event "Mauricie op"]
[Site "Trois-Rivieres CAN"]
[Date "2019.03.15"]
[Round "1.1"]
[White "Zhong, Kevin"]
[Black "Chiku-Ratte, Olivier-Kenta"]
[Result "0-1"]
[WhiteElo "2185"]
[BlackElo "2426"]
[PlyCount "68"]
[EventDate "2019.03.15"]
[EventType "swiss"]
[EventRounds "5"]
[EventCountry "CAN"]

1. e4 c5 2. Ne2 d6 3. g3 g6 4. Bg2 Bg7 5. c3 Nf6 6. d4 O-O 7. O-O e5 8. h3 b5
9. Be3 Qe7 10. d5 Nbd7 11. Nd2 Nb6 12. b4 Nfd7 13. Rb1 c4 14. f4 exf4 15. Bxf4
g5 16. Be3 Nxd5 17. Bxg5 Qxg5 18. exd5 Nf6 19. Kh2 Bf5 20. Rc1 Bd3 21. Nf3 Qh6
22. Nh4 Rae8 23. Nd4 Bxf1 24. Ndf5 Qg5 25. Qxf1 Ne4 26. Re1 Nxg3 27. Nxg3 Qxh4
28. Re4 Rxe4 29. Bxe4 Be5 30. Qf3 Kh8 31. Qg4 Bxg3+ 32. Qxg3 Qxe4 33. Qxd6 Qe2+
34. Kh1 Qf1+ 0-1

[Event "Mauricie op"]
[Site "Trois-Rivieres CAN"]
[Date "2019.03.16"]
[Round "2.1"]
[White "Chiku-Ratte, Olivier-Kenta"]
[Black "Bolduc, Steve"]
[Result "1-0"]
[WhiteElo "2422"]
[BlackElo "2210"]
[PlyCount "91"]
[EventDate "2019.03.15"]
[EventType "swiss"]
[EventRounds "5"]
[EventCountry "CAN"]

1. d4 d5 2. c4 c6 3. Nf3 Nf6 4. e3 a6 5. Bd3 g6 6. O-O Bg7 7. b3 Bg4 8. h3 Bxf3
9. Qxf3 Nbd7 10. Bb2 O-O 11. Nc3 dxc4 12. bxc4 e5 13. Rad1 Re8 14. c5 Qe7 15.
Bc4 b6 16. Qxc6 bxc5 17. Ba3 Rec8 18. Qf3 Qe8 19. d5 e4 20. Qe2 Ne5 21. d6 Qc6
22. Rd2 Ra7 23. Rfd1 h5 24. Bb2 Nxc4 25. Qxc4 Rd7 26. Ba3 Bf8 27. g4 hxg4 28.
hxg4 g5 29. Nd5 Rxd6 30. Bb2 Nxd5 31. Rxd5 Rxd5 32. Rxd5 Qg6 33. Kg2 Be7 34.
Rd7 Kf8 35. Qc3 Ke8 36. Rd5 f6 37. Qc2 Rd8 38. Qa4+ Kf8 39. Rxd8+ Bxd8 40. Qxa6
Qf7 41. Qc8 Qc7 42. Qxc7 Bxc7 43. Bxf6 c4 44. Kf1 c3 45. Bxc3 Kf7 46. f3 1-0

[Event "Mauricie op"]
[Site "Trois-Rivieres CAN"]
[Date "2019.03.16"]
[Round "3.1"]
[White "Huang, Qiuyu"]
[Black "Chiku-Ratte, Olivier-Kenta"]
[Result "0-1"]
[WhiteElo "2220"]
[BlackElo "2422"]
[PlyCount "106"]
[EventDate "2019.03.15"]
[EventType "swiss"]
[EventRounds "5"]
[EventCountry "CAN"]

1. e4 c5 2. Nf3 d6 3. d4 cxd4 4. Nxd4 Nf6 5. Nc3 g6 6. Bc4 Bg7 7. h3 O-O 8. Bb3
a6 9. O-O b5 10. Re1 Bb7 11. a4 b4 12. Nd5 e6 13. Nxf6+ Bxf6 14. Rb1 Qe7 15.
Bh6 Re8 16. Qd2 Nd7 17. Nf3 Nc5 18. Qf4 e5 19. Qg4 Nxb3 20. cxb3 Bh8 21. Nh4
Bc8 22. Qg3 Be6 23. Rbd1 Rad8 24. Nf5 Bxf5 25. exf5 d5 26. Bg5 Bf6 27. Bxf6
Qxf6 28. fxg6 hxg6 29. Qd3 Kg7 30. Re2 Rc8 31. Rc2 e4 32. Qd2 Rxc2 33. Qxc2 d4
34. Qc4 d3 35. Qxb4 Qxb2 36. Rd2 Qa1+ 37. Kh2 Qe5+ 38. g3 Rc8 39. Qb6 e3 40.
fxe3 Rc2 41. Rg2 Qd5 42. e4 Qxe4 43. Rf2 Rxf2+ 44. Qxf2 Qd5 45. Qb2+ Kg8 46.
Qd2 Qxb3 47. Kg1 Qc2 48. Qg5 Qd1+ 49. Kf2 Qe2+ 50. Kg1 d2 51. Qd8+ Kg7 52. Qd4+
f6 53. Qa7+ Kh6 0-1

[Event "RA March op"]
[Site "Ottawa  CAN"]
[Date "2019.03.01"]
[Round "1"]
[White "Chiku-Ratte, Olivier-Kenta"]
[Black "Molnar, Jozsef"]
[Result "1-0"]
[WhiteElo "2450"]
[BlackElo "2058"]
[PlyCount "115"]
[EventDate "2019.03.01"]
[EventType "swiss"]
[EventRounds "5"]
[EventCountry "CAN"]

1. d4 Nf6 2. c4 g6 3. f3 d5 4. cxd5 Nxd5 5. e4 Nb6 6. Nc3 Bg7 7. Be3 O-O 8. Qd2
Nc6 9. O-O-O a5 10. h4 a4 11. h5 Na5 12. hxg6 fxg6 13. Qc2 Nbc4 14. Bf2 a3 15.
b4 Nb2 16. bxa5 Nxd1 17. Nxd1 Rxa5 18. Bc4+ e6 19. Ne2 Qg5+ 20. Qd2 Qxd2+ 21.
Kxd2 Rd8 22. Kc2 b5 23. Bb3 b4 24. Ne3 Ra6 25. Bh4 Rd7 26. e5 Rc6+ 27. Bc4 Bh6
28. f4 Bxf4 29. Nxf4 Rxd4 30. Ne2 Rcxc4+ 31. Nxc4 Rxc4+ 32. Kb3 Ba6 33. Bf6 Rg4
34. Nc1 c5 35. Ka4 Rxg2 36. Be7 Rc2 37. Rd1 Bb7 38. Kb5 Bd5 39. Bxc5 b3 40.
axb3 a2 41. Bd4 h5 42. Kb4 h4 43. Nd3 Rc8 44. Nf4 Rb8+ 45. Kc5 Bxb3 46. Ra1 Kf7
47. Nh3 Rc8+ 48. Kb6 Rc4 49. Ng5+ Ke7 50. Bc5+ Kd7 51. Rf1 Ra4 52. Rf7+ Kd8 53.
Rf8+ Kd7 54. Nf7 Ra6+ 55. Kxa6 a1=Q+ 56. Kb6 Qa6+ 57. Kxa6 Kc6 58. Bf2 1-0

[Event "RA March op"]
[Site "Ottawa  CAN"]
[Date "2019.03.02"]
[Round "2"]
[White "Yao, Houji"]
[Black "Chiku-Ratte, Olivier-Kenta"]
[Result "0-1"]
[WhiteElo "2227"]
[BlackElo "2450"]
[PlyCount "102"]
[EventDate "2019.03.01"]
[EventType "swiss"]
[EventRounds "5"]
[EventCountry "CAN"]

1. e4 c5 2. Nf3 Nc6 3. d4 cxd4 4. Nxd4 e6 5. Nc3 Qc7 6. Be3 a6 7. Qd2 Nf6 8.
O-O-O Be7 9. f3 b5 10. Nxc6 dxc6 11. Qf2 c5 12. g4 Bb7 13. Qg3 Qa5 14. Kb1 b4
15. Ne2 c4 16. Nd4 Rc8 17. g5 Nd7 18. h4 c3 19. Nb3 Qa4 20. Rh2 O-O 21. h5 Rfd8
22. Bd3 Nf8 23. Rf1 Bc6 24. h6 Bb5 25. Be2 Bxe2 26. Rxe2 Qb5 27. Ree1 Bd6 28.
f4 g6 29. Qf2 Rd7 30. Qe2 Qc6 31. Bc1 Rdc7 32. Rf2 a5 33. Nd4 Qb6 34. Nb5 Bc5
35. Rf3 Rb7 36. a4 bxa3 37. Nxc3 Bb4 38. Na2 Bxe1 39. Qxe1 axb2 40. Bd2 a4 41.
Bb4 Rc4 42. c3 a3 43. Rd3 Rd7 44. Rxd7 Nxd7 45. Bxa3 Qb7 46. Qd2 Qxe4+ 47. Kxb2
Qd5 48. Qxd5 exd5 49. Bd6 f6 50. Kb3 Kf7 51. Nb4 Ke6 0-1

[Event "RA March op"]
[Site "Ottawa  CAN"]
[Date "2019.03.02"]
[Round "3"]
[White "Chiku-Ratte, Olivier-Kenta"]
[Black "Ning, Alwin"]
[Result "1-0"]
[WhiteElo "2450"]
[BlackElo "1811"]
[PlyCount "63"]
[EventDate "2019.03.01"]
[EventType "swiss"]
[EventRounds "5"]
[EventCountry "CAN"]

1. d4 d5 2. c4 c6 3. Nf3 Nf6 4. e3 e6 5. Bd3 Bd6 6. O-O O-O 7. b3 Re8 8. Bb2
Nbd7 9. Ne5 Bc7 10. Nd2 Nxe5 11. dxe5 Nd7 12. f4 f5 13. cxd5 cxd5 14. Bd4 Bb6
15. Rc1 Nf8 16. Nf3 h6 17. Bxb6 Qxb6 18. Nd4 Bd7 19. g4 fxg4 20. Qxg4 Rac8 21.
Kh1 Qa5 22. Rxc8 Bxc8 23. Rg1 Re7 24. f5 exf5 25. Bxf5 Bd7 26. Bxd7 Rxd7 27. e6
Rc7 28. Nf5 Qc5 29. Nxg7 h5 30. Nxh5+ Kh7 31. Nf6+ Kh6 32. Qg5# 1-0

[Event "RA March op"]
[Site "Ottawa  CAN"]
[Date "2019.03.03"]
[Round "4"]
[White "Tomb, Maroun"]
[Black "Chiku-Ratte, Olivier-Kenta"]
[Result "0-1"]
[WhiteElo "2306"]
[BlackElo "2450"]
[PlyCount "96"]
[EventDate "2019.03.01"]
[EventType "swiss"]
[EventRounds "5"]
[EventCountry "CAN"]

1. e4 c5 2. Ne2 d6 3. g3 g6 4. c3 Nf6 5. Bg2 Bg7 6. O-O O-O 7. d4 e5 8. h3 b5
9. Be3 Qe7 10. dxc5 dxc5 11. Qc2 Bb7 12. a4 b4 13. Rd1 Rc8 14. Nd2 Ba6 15. Bf1
Nc6 16. Nc1 Bxf1 17. Nxf1 Rab8 18. Bg5 Qe6 19. Bxf6 Bxf6 20. h4 Bg7 21. Ne3 Nd4
22. cxd4 cxd4 23. Qd3 dxe3 24. Qxe3 Bf8 25. Rd5 Rd8 26. Qd3 Rxd5 27. exd5 Qf6
28. Nb3 e4 29. Qxe4 Qxb2 30. Rb1 Qa2 31. a5 Rc8 32. Nc1 Qxa5 33. Nd3 Qb5 34. h5
b3 35. hxg6 hxg6 36. Nf4 b2 37. Nxg6 Rc1+ 38. Kh2 Rxb1 39. Qxb1 fxg6 40. Qxg6+
Bg7 41. Qe6+ Kf8 42. Qf5+ Ke8 43. Qg6+ Kd8 44. Qd6+ Kc8 45. Qe6+ Kb7 46. Qe7+
Ka8 47. d6 b1=Q 48. d7 Qh5+ 0-1

[Event "RA March op"]
[Site "Ottawa  CAN"]
[Date "2019.03.03"]
[Round "5"]
[White "Chiku-Ratte, Olivier-Kenta"]
[Black "Sambuev, Bator"]
[Result "1/2-1/2"]
[WhiteElo "2450"]
[BlackElo "2539"]
[PlyCount "93"]
[EventDate "2019.03.01"]
[EventType "swiss"]
[EventRounds "5"]
[EventCountry "CAN"]

1. d4 g6 2. c4 Bg7 3. e4 d6 4. Nc3 e5 5. Nge2 exd4 6. Nxd4 Ne7 7. Be2 Nbc6 8.
Be3 O-O 9. O-O f5 10. exf5 Bxd4 11. Bxd4 Nxf5 12. Be3 Nxe3 13. fxe3 Be6 14. Qd2
Qe7 15. b3 Ne5 16. Rf4 g5 17. Rxf8+ Rxf8 18. Rf1 Rxf1+ 19. Bxf1 b6 20. Bd3 Bf7
21. Be4 h6 22. Bd5 c6 23. Bxf7+ Nxf7 24. Qd4 Kf8 25. h3 Qe5 26. Qxe5 Nxe5 27.
Kf2 Ke7 28. g3 Ke6 29. e4 Nd3+ 30. Ke3 Nb4 31. Kd2 Ke5 32. a3 Na6 33. Ke3 h5
34. Ne2 Nb8 35. h4 gxh4 36. gxh4 d5 37. exd5 cxd5 38. cxd5 Nd7 39. Ng3 Nf8 40.
d6 Kxd6 41. Kf4 Ng6+ 42. Kg5 Nxh4 43. Kxh4 Ke5 44. Kxh5 Kd4 45. Nf5+ Kc3 46.
Nd6 Kxb3 47. Nc8 1/2-1/2

[Event "Ligue elite du dimanche - S10"]
[Site "Montreal CAN"]
[Date "2019.02.10"]
[Round "1"]
[White "Soudre, Nicolas"]
[Black "Chiku-Ratte, Olivier-Kenta"]
[Result "0-1"]
[WhiteElo "2190"]
[BlackElo "2443"]
[PlyCount "92"]
[EventDate "2019.02.10"]
[EventType "team"]
[EventRounds "5"]
[EventCountry "CAN"]
[WhiteTeam "Puzzle Rushers"]
[BlackTeam "Kramnik's Immortals"]

1. e4 c6 2. Nc3 d5 3. d4 dxe4 4. Nxe4 Nf6 5. Nxf6+ exf6 6. c3 Bd6 7. Bd3 O-O 8.
Qc2 Re8+ 9. Ne2 g6 10. h4 Nd7 11. h5 Nf8 12. hxg6 fxg6 13. Bh6 Be6 14. O-O-O
Qc7 15. c4 Qf7 16. Nf4 Bxf4+ 17. Bxf4 Red8 18. Be3 b5 19. b3 a5 20. Kd2 a4 21.
Rb1 Rac8 22. Ke2 f5 23. g3 Nd7 24. Rh4 Nf6 25. f3 Rb8 26. Rc1 bxc4 27. bxc4 a3
28. Qc3 Rb2+ 29. Rc2 Rxc2+ 30. Qxc2 Nh5 31. Kf2 Qc7 32. f4 Nf6 33. Qc3 Ng4+ 34.
Kf3 Qb7 35. c5 Bd5+ 36. Ke2 Qb2+ 37. Qc2 Bxa2 38. Bc1 Qxc2+ 39. Bxc2 Bc4+ 40.
Bd3 Re8+ 41. Kd2 Bxd3 42. Kxd3 a2 43. Bb2 Re1 44. d5 cxd5 45. Rh1 Nf2+ 46. Kd2
Rxh1 0-1

[Event "Ligue elite du dimanche - S10"]
[Site "Montreal CAN"]
[Date "2019.02.17"]
[Round "2"]
[White "Chiku-Ratte, Olivier-Kenta"]
[Black "Huang, Qiuyu"]
[Result "1-0"]
[WhiteElo "2443"]
[BlackElo "2265"]
[PlyCount "51"]
[EventDate "2019.02.10"]
[EventType "team"]
[EventRounds "5"]
[EventCountry "CAN"]
[WhiteTeam "Kramnik's Immortals"]
[BlackTeam "Rybkaz"]

1. d4 f5 2. c4 Nf6 3. Nc3 g6 4. g3 Bg7 5. Bg2 O-O 6. Nf3 d6 7. O-O Qe8 8. b3 a5
9. Bb2 Bd7 10. Ng5 h6 11. Nh3 Nc6 12. Nb5 Rc8 13. d5 Nb4 14. Nd4 g5 15. f4 Qg6
16. e3 Ng4 17. Qe2 c5 18. dxc6 bxc6 19. e4 c5 20. Nxf5 Bxf5 21. exf5 Qxf5 22.
Bxg7 Kxg7 23. fxg5 Qd7 24. gxh6+ Nxh6 25. Ng5 Rf6 26. Bh3 1-0

[Event "Ligue elite du dimanche - S10"]
[Site "Montreal CAN"]
[Date "2019.02.24"]
[Round "3"]
[White "Rodrigue-Lemieux, Shawn"]
[Black "Chiku-Ratte, Olivier-Kenta"]
[Result "1-0"]
[WhiteElo "2367"]
[BlackElo "2443"]
[PlyCount "135"]
[EventDate "2019.02.10"]
[EventType "team"]
[EventRounds "5"]
[EventCountry "CAN"]
[WhiteTeam "Mannered Monkeys"]
[BlackTeam "Kramnik's Immortals"]

1. e4 g6 2. h4 Bg7 3. h5 d5 4. Nc3 d4 5. Nce2 e5 6. Ng3 c5 7. Bc4 Nc6 8. a3 Nf6
9. d3 Qd6 10. Bg5 Bg4 11. f3 Bd7 12. Qc1 Rf8 13. Nh3 O-O-O 14. h6 Bh8 15. b4
Rde8 16. Bd2 Bxh3 17. bxc5 Qxc5 18. Rxh3 Nd7 19. Qb2 Nb6 20. Bb3 Bf6 21. Kf1
Kb8 22. Qa2 Qe7 23. Rb1 Bg5 24. Be1 f5 25. a4 Nd7 26. Bd5 Qd6 27. exf5 gxf5 28.
Bf7 Rc8 29. Nxf5 Qf6 30. Be6 Rc7 31. Bxd7 Rxd7 32. Ng3 Bf4 33. Ne4 Qg6 34. Bh4
Bxh6 35. Nc5 Rdf7 36. Qd5 Ka8 37. Rg3 Qh5 38. Rxb7 Rxb7 39. Qxc6 Qf7 40. Nxb7
Qxb7 41. Qxh6 Qb1+ 42. Kf2 Rc8 43. Bg5 Qxc2+ 44. Kg1 Qxd3 45. Qe6 Qc4 46. Qxc4
Rxc4 47. Bf6 d3 48. Rg8+ Kb7 49. Rd8 e4 50. fxe4 Rxe4 51. a5 Re1+ 52. Kf2 Rd1
53. Ke3 Rg1 54. Rg8 Ka6 55. Bc3 h5 56. Kxd3 h4 57. Rg7 h3 58. gxh3 Rd1+ 59. Kc2
Rh1 60. Rh7 Kb5 61. h4 a6 62. h5 Kc4 63. h6 Rh5 64. Bd2 Kd4 65. Ra7 Rc5+ 66.
Kd1 Kd3 67. Rxa6 Rh5 68. Rd6+ 1-0

[Event "Ligue elite du dimanche - S10"]
[Site "Montreal CAN"]
[Date "2019.03.24"]
[Round "4"]
[White "Duong, Thanh Nha"]
[Black "Chiku-Ratte, Olivier-Kenta"]
[Result "0-1"]
[WhiteElo "2304"]
[BlackElo "2443"]
[PlyCount "108"]
[EventDate "2019.02.10"]
[EventType "team"]
[EventRounds "5"]
[EventCountry "CAN"]
[WhiteTeam "Les Veterans"]
[BlackTeam "Kramnik's Immortals"]

1. d4 Nf6 2. c4 g6 3. Nc3 Bg7 4. e4 d6 5. f3 O-O 6. Be3 Nc6 7. Qd2 a6 8. h4 e5
9. d5 Nd4 10. Nge2 Nxe2 11. Bxe2 Nh5 12. g4 Nf4 13. O-O-O f5 14. gxf5 gxf5 15.
Rdg1 Kh8 16. Bd1 Bd7 17. Bc2 b5 18. c5 b4 19. Ne2 Nxe2+ 20. Qxe2 Bb5 21. Bd3
fxe4 22. fxe4 c6 23. dxc6 dxc5 24. Bxb5 axb5 25. Bxc5 Rf6 26. Bxb4 Rxa2 27. Kb1
Ra6 28. Qxb5 Rfxc6 29. Rxg7 Kxg7 30. Qxe5+ Kg8 31. Qg3+ Kf7 32. Qb3+ Re6 33.
Rf1+ Kg7 34. Qg3+ Rg6 35. Qe5+ Raf6 36. Rc1 Qd3+ 37. Ka1 Kh6 38. Ba3 Rf1 39.
Rxf1 Qxf1+ 40. Ka2 Qc4+ 41. b3 Qe2+ 42. Kb1 Qd3+ 43. Ka2 Qc2+ 44. Qb2 Qxe4 45.
Qc1+ Kh5 46. Qc5+ Kxh4 47. Qf2+ Kh3 48. Bb2 Qa8+ 49. Kb1 Qe4+ 50. Ka2 Ra6+ 51.
Ba3 Qg2 52. Qxg2+ Kxg2 53. b4 h5 54. Kb3 Rxa3+ 0-1

[Event "Ligue elite du dimanche - S10"]
[Site "Montreal CAN"]
[Date "2019.04.07"]
[Round "5"]
[White "Chiku-Ratte, Olivier-Kenta"]
[Black "Tomb, Maroun"]
[Result "1-0"]
[WhiteElo "2423"]
[BlackElo "2277"]
[PlyCount "97"]
[EventDate "2019.02.10"]
[EventType "team"]
[EventRounds "5"]
[EventCountry "CAN"]
[WhiteTeam "Kramnik's Immortals"]
[BlackTeam "Food Masters"]

1. d4 d6 2. e4 Nf6 3. f3 e5 4. Ne2 c6 5. c4 Nbd7 6. Nbc3 a5 7. Be3 h5 8. Qd2 a4
9. O-O-O Qa5 10. Kb1 Be7 11. g3 O-O 12. h3 b5 13. cxb5 cxb5 14. dxe5 Nxe5 15.
Nd4 b4 16. Ncb5 Bd7 17. Nf5 Bxf5 18. exf5 Nxf3 19. Qf2 Ne5 20. Bb6 Ne4 21. Qd4
Nc6 22. Qg1 Qa6 23. Nxd6 Bxd6 24. Bxa6 Rxa6 25. Qg2 Rxb6 26. Qxe4 Bb8 27. f6
Ne5 28. Rhf1 gxf6 29. Qd4 Re6 30. Qxb4 Ng6 31. g4 h4 32. Qxa4 Be5 33. Qc4 Re7
34. Rd5 Rc7 35. Rc5 Rb7 36. b3 Kg7 37. Rc8 Rxc8 38. Qxc8 Rc7 39. Qf5 Ne7 40.
Qd3 Rc3 41. Qd7 Ng6 42. g5 Rg3 43. gxf6+ Bxf6 44. Qf5 Be5 45. Qxf7+ Kh6 46. Re1
Bg7 47. Qf5 Rg5 48. Qf2 Rg3 49. Rg1 1-0

[Event "Quebec-ch"]
[Site "Montreal CAN"]
[Date "2019.03.21"]
[Round "1.1"]
[White "Huang, Qiuyu"]
[Black "Chiku-Ratte, Olivier-Kenta"]
[Result "1-0"]
[WhiteElo "2230"]
[BlackElo "2422"]
[PlyCount "155"]
[EventDate "2019.01.21"]
[EventType "k.o."]
[EventRounds "4"]
[EventCountry "CAN"]

1. e4 c5 2. Nf3 d6 3. d4 cxd4 4. Nxd4 Nf6 5. Nc3 g6 6. Bc4 Bg7 7. h3 O-O 8. Bb3
Nbd7 9. O-O Nc5 10. Re1 a6 11. Bg5 h6 12. Bh4 e6 13. Bg3 e5 14. Nf3 b5 15. Nd2
Bb7 16. a3 Ne6 17. Nf3 Nc5 18. Nd2 Nxb3 19. Nxb3 Qb6 20. Qd3 Rad8 21. Qe3 Qc7
22. Rad1 Nd7 23. Qd2 Nb6 24. Na5 Ba8 25. Nd5 Nxd5 26. exd5 Rc8 27. Rc1 Qb8 28.
Nb3 Qb7 29. Red1 f5 30. f3 f4 31. Bf2 e4 32. fxe4 Bxb2 33. Rb1 Bc3 34. Qd3 Qc7
35. Bd4 Bb7 36. Qf3 h5 37. Qd3 Kh7 38. Kh1 Rf7 39. Rf1 Ba5 40. Nxa5 Qxa5 41.
Rf2 Qc7 42. Rbf1 Rcf8 43. g3 g5 44. gxf4 Rxf4 45. Rxf4 gxf4 46. Rg1 Rg8 47. Qf3
Qf7 48. Rxg8 Kxg8 49. Qg2+ Kh7 50. Qg5 f3 51. Kg1 Bc8 52. h4 Qg6 53. Bf6 Qf7
54. Kf2 Bg4 55. Bd4 Qc7 56. c3 Qf7 57. Qf6 Qxf6 58. Bxf6 Kg6 59. Be7 a5 60.
Bxd6 Kf6 61. Bg3 Ke7 62. Ke3 Kd7 63. Kd4 Bh3 64. Kc5 Bf1 65. e5 Bc4 66. e6+ Ke7
67. Kc6 Kf6 68. d6 Bxe6 69. d7 Bxd7+ 70. Kxd7 Kf5 71. Kc6 Ke4 72. Kxb5 Kd3 73.
c4 Ke2 74. c5 Kf1 75. c6 Kg2 76. Be1 Kf1 77. Bxa5 f2 78. Bb6 1-0

[Event "Quebec-ch"]
[Site "Montreal CAN"]
[Date "2019.03.22"]
[Round "1.2"]
[White "Chiku-Ratte, Olivier-Kenta"]
[Black "Huang, Qiuyu"]
[Result "0-1"]
[WhiteElo "2422"]
[BlackElo "2230"]
[PlyCount "116"]
[EventDate "2019.01.21"]
[EventType "k.o."]
[EventRounds "4"]
[EventCountry "CAN"]

1. d4 f5 2. Bf4 Nf6 3. e3 g6 4. h4 d6 5. h5 Bg7 6. h6 Bf8 7. Nc3 e6 8. Bd3 Be7
9. Nf3 Bd7 10. Qe2 Nc6 11. a3 a6 12. e4 fxe4 13. Nxe4 Nd5 14. Bd2 O-O 15. O-O-O
Nf4 16. Bxf4 Rxf4 17. Qe3 Rf8 18. c3 b5 19. Rhe1 Rb8 20. Neg5 Rf6 21. Be4 d5
22. Bd3 Rb6 23. Ne5 Nxe5 24. dxe5 Rf8 25. f4 Rxf4 26. g3 Rf8 27. Nh3 c5 28. Kb1
a5 29. g4 c4 30. Bc2 b4 31. axb4 axb4 32. Kc1 bxc3 33. bxc3 Bc6 34. Rf1 Ba3+
35. Kd2 Rb2 36. Qa7 Be7 37. Kc1 Rb7 38. Qe3 Rxf1 39. Rxf1 Ba3+ 40. Kd1 Be7 41.
Qf2 Qe8 42. Nf4 Ba3 43. Ne2 Ba4 44. Nd4 Bc5 45. g5 Bxd4 46. cxd4 Rb1+ 47. Kd2
c3+ 48. Ke3 Rxf1 49. Qxf1 Bxc2 50. Qa6 Be4 51. Qb7 Qf8 52. Ke2 Qf3+ 53. Ke1
Qg3+ 54. Kd1 c2+ 55. Ke2 Qf3+ 56. Kd2 Qd3+ 57. Kc1 Qd1+ 58. Kb2 Qb1+ 0-1

[Event "RA Winter op"]
[Site "Ottawa CAN"]
[Date "2019.01.18"]
[Round "1"]
[White "Chiku-Ratte, Olivier-Kenta"]
[Black "Kellar, Ben"]
[Result "1/2-1/2"]
[WhiteElo "2446"]
[BlackElo "2057"]
[PlyCount "105"]
[EventDate "2019.01.18"]
[EventType "swiss"]
[EventRounds "5"]
[EventCountry "CAN"]

1. d4 d5 2. c4 c6 3. Nf3 Nf6 4. e3 Bf5 5. Nc3 e6 6. Nh4 Be4 7. f3 Bg6 8. Qb3
Qc7 9. g3 Be7 10. Bg2 Nbd7 11. Nxg6 hxg6 12. O-O Rc8 13. Bd2 dxc4 14. Qxc4 b5
15. Qe2 O-O 16. Rac1 b4 17. Nd1 Qb6 18. Nf2 c5 19. dxc5 Nxc5 20. Qc4 Nce4 21.
Qxc8 Nxd2 22. Qc7 Nxf1 23. Qxb6 axb6 24. Bxf1 Bc5 25. Nd1 Rd8 26. Kf2 g5 27. h3
e5 28. Bc4 e4 29. f4 gxf4 30. gxf4 Nh5 31. Ke2 Ng3+ 32. Kf2 Nf5 33. Be2 g6 34.
Ra1 Kg7 35. a4 bxa3 36. bxa3 Rd2 37. a4 Ng3 38. Kxg3 Rxe2 39. a5 bxa5 40. Rxa5
Bxe3 41. Nxe3 Rxe3+ 42. Kg4 f5+ 43. Kg5 Rg3+ 44. Kh4 Rg1 45. Ra7+ Kf6 46. Ra6+
Ke7 47. Re6+ Kd7 48. Rd6+ Ke7 49. Re6+ Kf7 50. Re7+ Kf6 51. Re6+ Kg7 52. Re7+
Kh6 53. Rh7+ 1/2-1/2

[Event "RA Winter op"]
[Site "Ottawa CAN"]
[Date "2019.01.19"]
[Round "2"]
[White "Sambuev, Bator"]
[Black "Chiku-Ratte, Olivier-Kenta"]
[Result "1-0"]
[WhiteElo "2569"]
[BlackElo "2446"]
[PlyCount "131"]
[EventDate "2019.01.18"]
[EventType "swiss"]
[EventRounds "5"]
[EventCountry "CAN"]

1. Nf3 Nf6 2. c4 g6 3. Nc3 Bg7 4. e4 d6 5. d4 O-O 6. Be2 e5 7. Be3 Na6 8. O-O
c6 9. d5 Ng4 10. Bg5 f6 11. Bh4 c5 12. Ne1 h5 13. h3 Nh6 14. Nd3 Nf7 15. Bg3
Qe7 16. f4 exf4 17. Bxf4 Ne5 18. Nxe5 fxe5 19. Be3 Rxf1+ 20. Bxf1 Bd7 21. Qd2
Rf8 22. a3 Kh7 23. Rb1 b6 24. b4 Bc8 25. Nb5 Nb8 26. bxc5 bxc5 27. Bd3 a6 28.
Nc3 Nd7 29. Ne2 Qh4 30. Qe1 Qxe1+ 31. Rxe1 Bh6 32. Bf2 Kg7 33. Rb1 Bd2 34. Rb2
Bg5 35. Bc2 Bd8 36. Be1 Bc7 37. Bd2 Nb6 38. Bd3 Bd7 39. Bg5 Rb8 40. Nc3 Na4 41.
Nxa4 Bxa4 42. Rxb8 Bxb8 43. Bd8 Kf7 44. Kf2 Ke8 45. Ba5 Kf7 46. Be2 Bc2 47. Ke3
Bb3 48. Kd3 Ba4 49. Ke3 Bd7 50. Bd1 Ke7 51. Kf2 Be8 52. g4 Kf6 53. Bd8+ Kg7 54.
Kg3 Kh6 55. Kh4 Bd7 56. gxh5 gxh5 57. Ba5 Be8 58. Bd2+ Kg7 59. Bxh5 Ba4 60. Ba5
Bc2 61. Kg5 Bd3 62. Bg6 Bxc4 63. h4 Be2 64. h5 c4 65. h6+ Kh8 66. Bd8 1-0

[Event "RA Winter op"]
[Site "Ottawa CAN"]
[Date "2019.01.19"]
[Round "3"]
[White "Chiku-Ratte, Olivier-Kenta"]
[Black "Ning, Alwin"]
[Result "1-0"]
[WhiteElo "2446"]
[BlackElo "1836"]
[PlyCount "68"]
[EventDate "2019.01.18"]
[EventType "swiss"]
[EventRounds "5"]
[EventCountry "CAN"]

1. d4 d5 2. c4 c6 3. Nf3 Nf6 4. e3 e6 5. Nc3 Bd6 6. Bd3 Nbd7 7. O-O O-O 8. b3
dxc4 9. bxc4 e5 10. Qc2 h6 11. h3 c5 12. d5 Re8 13. Nd2 a6 14. a4 Re7 15. Bb2
Bc7 16. Rae1 Ba5 17. Re2 Bxc3 18. Qxc3 Nb6 19. Qb3 Qc7 20. f4 e4 21. Bc2 Nh5
22. Kh2 f5 23. Rg1 Qd8 24. a5 Nd7 25. Qa3 Qc7 26. Nb3 b5 27. axb6 Nxb6 28. Qxc5
Qxc5 29. Nxc5 Nxc4 30. Bb3 Nxb2 31. d6+ Rf7 32. d7 Bxd7 33. Nxd7 Rd8 34. Rxb2
Rdxd7 1-0

[Event "Montreal Winter Classic"]
[Site "Montreal CAN"]
[Date "2019.01.02"]
[Round "1"]
[White "Chiku-Ratte, Olivier-Kenta"]
[Black "Yu, Zong Yang"]
[Result "1-0"]
[WhiteElo "2366"]
[BlackElo "2377"]
[PlyCount "61"]
[EventDate "2019.01.02"]
[EventType "tourn"]
[EventRounds "9"]
[EventCountry "CAN"]

1. d4 Nf6 2. c4 e6 3. Nf3 b6 4. g3 c6 5. Bg2 d5 6. O-O Be7 7. Nc3 O-O 8. Ne5
Bb7 9. e4 dxc4 10. Nxc4 b5 11. Ne5 Na6 12. Be3 Rc8 13. Rc1 Rc7 14. Qe2 Qc8 15.
Nd3 Rd8 16. Bf4 Rxd4 17. Bxc7 Nxc7 18. e5 Nfe8 19. Ne4 Rd8 20. Nec5 Ba8 21. Nb4
Qb8 22. Nxc6 Bxc6 23. Bxc6 Qb6 24. Nb3 g6 25. Rfd1 Nd5 26. Qxb5 Qxb5 27. Bxb5
Nec7 28. Bc6 Bf8 29. Nc5 Rb8 30. Nd7 Rxb2 31. Bxd5 1-0